00456nam a2200145Ia 4500003000900000008004100009020002600050020002700076040001600103100002500119245004800144260003200192300002000224856006600244IN-BaIIA211028s9999 xx s 000 0 eng d a9781628413342 (Print) a9781628413359 (Online) cIIA Library aSpillman, William B. 0aField Guide to Fiber Optic Sensorsh[eBook] aWashington, USAbSPIEc2014 aOnline resource uhttps://doi.org/10.1117/3.1002803yClick Here to Access eBook